Statistics for One Punch Man Quiz

Click here to take the quiz!

General Stats

  • This quiz has been taken 29 times
  • The average score is 7 of 10

Answer Stats

QuestionAnswer% Correct
Who is Saitama's disciple?Genos
91%
How did Saitama get his strength?He underwent serious training
91%
Who did Saitama fight in the Season One finale?Boros
87%
Does the Anime have a Season 3?No.
83%
The 'Hero Hunter' was who's disciple?Silver Bang
78%
Who is the so-called 'Hero Hunter'Garou
70%
Who are the 2 heroes Tatsumaki Respects?Silver Bang and Blast
70%
Who is Saitama heavily shipped with?All of the above
65%
Last Question: Did Genos become Saitama's disciple after Season One?No
39%
Did Saitama have hair before he had his superhuman strength?No
0%

Score Distribution

Percentile by Number Answered

Percent of People with Each Score

Your Score History

You have not taken this quiz